000 00590nam a22002057a 4500
005 20251108171928.0
008 250721s9999 xx 000 0 ara d
082 1 4 _aط/956.0637/اشت
100 1 _aالأنطاكي، محمد
245 1 0 _aمعركة المنصورة /
264 1 _aبيروت :
_bدار الشرق العربي،
300 _a147ص
490 0 _aمعارك حربية فاصلة
650 1 7 _aالعرب
650 1 7 _aالتاريخ
650 1 7 _aالأيوبيون
653 _aناشئون صغار (10-14) سنة
942 _2ddc
_cBK
999 _c66166
_d66166